000 00638nam a2200205 i 4500
001 170660
003 ES-MaACL
005 20250808062734.0
008 090327s1952 sp |||| | spa d
100 0 _aBover, José María.
_931120
245 1 0 _aTeología de San Pablo /
_cpor José M. Bover.
250 _a1ª ed., reimp.
260 _aMadrid :
_b[La Editorial Católica],
_c1952.
300 _a971 p. ;
_c20 cm.
490 1 _aBiblioteca de autores cristianos ;
_v16
600 0 4 _aPablo
_cSanto.
_988088
830 0 0 _aBiblioteca de autores cristianos
_v16
_9178679
852 _aES-MaACL
_jJ-17
_9R. 46092
999 _c170660
_d170660